000 00653nam a22001937a 4500
005 20251108173626.0
008 250721s2006 xx 000 0 ara d
020 _a9953462038
082 1 4 _a341.2/مجذ
100 1 _aالمجذوب، محمد
_eمؤلف
245 1 0 _aالتنظيم الدولي النظرية و المنظمات العالمية و الاقليمية و المتخصصة /
250 _aط8
264 1 _aبيروت :
_bمنشورات الحلبي الحقوقية،
_c2006.
300 _a680ص
650 1 7 _aالقانون الدولي
650 1 7 _aالمنظمات الدوليه
942 _2ddc
_cBK
999 _c108423
_d108423